| 000 | 01348nam a2200385 i 4500 | ||
|---|---|---|---|
| 001 | 196389 | ||
| 003 | ES-MaACL | ||
| 005 | 20241012063115.0 | ||
| 007 | ta | ||
| 008 | 2409 s2001 sp | ||| ||spa | ||
| 017 |
_aM 18358-2001 _bOficina Depósito Legal Madrid |
||
| 020 | _a8423994627 | ||
| 035 | _a(OCoLC)49554043 | ||
| 035 | _a(SpMaBN)bimo0001713551 | ||
| 035 | _a991007615179708606 | ||
| 040 |
_aSpMaBN _bspa _cSpMaBN _erdc _dES-MaACL |
||
| 080 | _a791.43(038) | ||
| 100 |
_aTorres, Augusto M., _d1942- _9238875 |
||
| 245 | 1 | 0 |
_aDiccionario Espasa cine mundial / _cAugusto M. Torres ; prólogo de Guillermo Cabrera Infante. |
| 260 |
_aMadrid : _bEspasa Calpe, _c[2001]. |
||
| 300 |
_aXII, 1233 p., [48] p. de lám. ; _c25 cm |
||
| 336 |
_2rdacontent _atexto |
||
| 337 |
_2rdamedia _asin mediación |
||
| 338 |
_2rdacarrier _avolumen |
||
| 500 | _aÍndices | ||
| 594 | _aTít. del lomo: Cine mundial | ||
| 650 | 4 |
_aCine- _vDiccionarios _2embne _911021 |
|
| 740 | 0 | _aCine mundial. | |
| 852 |
_aES-MaACL _cDEPO1 _hDonación: José Manuel Duarte Cendán _9204088 _jA-15428 |
||
| 903 |
_9238529 _aDuarte Cendán, José Manuel _q1 _ednr |
||
| 942 |
_n0 _cMONOGRAFIA |
||
| 999 |
_c196389 _d196389 |
||